Los orígenes del teatro francés contemporáneo y el Teatro Libre. (Record no. 180817)

MARC details
000 -LEADER
campo de control de longitud fija 01268nab a2200277 i 4500
001 - NÚMERO DE CONTROL
campo de control 180817
003 - IDENTIFICADOR DE NÚMERO DE CONTROL
campo de control ES-MaACL
005 - FECHA Y HORA DE LA ÚLTIMA TRANSACCIÓN
campo de control 20250903063112.0
008 - DATOS DE LONGITUD FIJA--INFORMACIÓN GENERAL
campo de control de longitud fija 120717s1913 sp 000 s spa d
040 ## - FUENTE DE CATALOGACIÓN
Centro catalogador/agencia de origen ES-MaACL
100 1# - ENTRADA PRINCIPAL--NOMBRE DE PERSONA
Nombre de persona La Tourrasse, Léonel de,
Fechas asociadas al nombre 1861-1930
Término indicativo de función/relación Autor
9 (RLIN) 150982
245 14 - MENCIÓN DEL TÍTULO
Título Los orígenes del teatro francés contemporáneo y el Teatro Libre.
Número de parte o sección de la obra V,
Nombre de parte o sección de la obra El teatro de los hermanos Goncourt /
Mención de responsabilidad, etc. conferencia pronunciada en francés por M. de la Tourrasse ; versión española de Ricardo Caballero
300 ## - DESCRIPCIÓN FÍSICA
Extensión Páginas 1-30
594 ## - Nota al título y mención de responsabilidad
Nota al título y mención de responsabilidad Precede al título: Conferencias en la Universidad Central
600 14 - PUNTO DE ACCESO ADICIONAL DE MATERIA--NOMBRE DE PERSONA
Nombre de persona Goncourt, Edmond de,
Fechas asociadas al nombre 1822-1896-
Subdivisión general Crítica e interpretación
9 (RLIN) 127378
600 14 - PUNTO DE ACCESO ADICIONAL DE MATERIA--NOMBRE DE PERSONA
Nombre de persona Goncourt, Jules de,
Fechas asociadas al nombre 1830-1870-
Subdivisión general Crítica e interpretación
9 (RLIN) 127379
610 24 - PUNTO DE ACCESO ADICIONAL DE MATERIA--NOMBRE DE ENTIDAD CORPORATIVA
Nombre de entidad corporativa o nombre de jurisdicción como elemento de entrada Théâtre Libre (Grupo teatral)
9 (RLIN) 139611
650 #7 - PUNTO DE ACCESO ADICIONAL DE MATERIA--TÉRMINO DE MATERIA
Término de materia o nombre geográfico como elemento de entrada Teatro francés-
Subdivisión cronológica S.XIX-
Subdivisión general Historia y crítica
9 (RLIN) 174695
655 #4 - TERMINO DE INDIZACIÓN--GENERO/FORMA
Datos o término principal de género/forma Conferencias
9 (RLIN) 234444
700 1# - ENTRADA AGREGADA--NOMBRE PERSONAL
Nombre de persona Caballero, Ricardo
Término indicativo de función/relación Traductor
9 (RLIN) 226940
710 2# - ENTRADA AGREGADA--NOMBRE DE ENTIDAD CORPORATIVA
Nombre de entidad corporativa o nombre de jurisdicción como elemento de entrada Universidad Central (Madrid)
Término indicativo de función/relación entidad responsable
9 (RLIN) 7084
773 0# - ASIENTO DE ITEM FUENTE
Título La Palabra : revista taquigráfica,
Número Internacional Normalizado para Publicaciones Seriadas ISSN 2479-7723,
Parte(s) relacionada(s) N. 16 (15 ag. 1913), p. 1-30
Número bibliográfico anfitrión 2879
Número de ítem anfitrión 2987
Número de control del registro 2879
942 ## - ELEMENTOS DE ENTRADA SECUNDARIOS (KOHA)
Tipo de ítem Koha Artículo de revista
Fuente del sistema de clasificación o colocación Clasificación decimal universal
Suprimir en OPAC No
955 ## - CATALOGADOR - EDICIÓN
Nombre de catalogador Pilar Fernández Vera

No items available.